Munting sinag-araw. / : (Record no. 103869)
[ view plain ]
| 000 -LEADER | |
|---|---|
| fixed length control field | 00588nam a2200181 a 4500 |
| 005 - DATE AND TIME OF LATEST TRANSACTION | |
| control field | 20140412111309.0 |
| 008 - FIXED-LENGTH DATA ELEMENTS--GENERAL INFORMATION | |
| fixed length control field | 030414s19uu xx 00 eng d |
| 020 ## - INTERNATIONAL STANDARD BOOK NUMBER | |
| International Standard Book Number | 971-121-099-1 |
| 050 ## - LIBRARY OF CONGRESS CALL NUMBER | |
| Classification number | Fil E |
| Item number | Mu92 1981 |
| 100 ## - MAIN ENTRY--PERSONAL NAME | |
| Personal name | Guzman, Gloria Villaraza |
| 245 ## - TITLE STATEMENT | |
| Title | Munting sinag-araw. / : |
| Remainder of title | ano and naitutulong ng sikat ng araw? / |
| Statement of responsibility, etc | by Gloria Villaraza Guzma ; illustrations by Lani Maestro. |
| 260 ## - PUBLICATION, DISTRIBUTION, ETC. (IMPRINT) | |
| Place of publication, distribution, etc | Manila, Philippines : |
| Name of publisher, distributor, etc | Aklat Adarna, |
| Date of publication, distribution, etc | 1981. |
| 300 ## - PHYSICAL DESCRIPTION | |
| Extent | 1 v. (unp.) ; ill. |
| 440 ## - SERIES STATEMENT/ADDED ENTRY--TITLE | |
| Title | Karununga |
| 650 ## - SUBJECT ADDED ENTRY--TOPICAL TERM | |
| Topical term or geographic name as entry element | Sun--Fiction, Filipino |
| Withdrawn status | Lost status | Damaged status | Use restrictions | Home library | Current library | Shelving location | Date acquired | Source of acquisition | Total Checkouts | Full call number | Barcode | Date last seen | Price effective from | Koha item type |
|---|---|---|---|---|---|---|---|---|---|---|---|---|---|---|
| Elizalde Library | Elizalde Library | Filipiniana Section | 04/14/2003 | Fil E Mu92 1981 | E6040 | 04/12/2014 | 04/12/2014 | Books | ||||||
| Elizalde Library | Elizalde Library | Filipiniana Section | 04/14/2003 | Fil E Mu92 1981 | E6039 | 04/12/2014 | 04/12/2014 | Books |